[Event "Schachfestival Senioren"]
[Site "Bad Woerishofen"]
[Date "2023.03.05"]
[Round "3.12"]
[White "Cordara, Michele"]
[Black "Bhend, Edwin"]
[Result "0-1"]
[WhiteElo "1917"]
[BlackElo "2125"]
[PlyCount "94"]
[EventDate "2023.??.??"]
[WhiteTeam "Scaccomattissimo"]
[BlackTeam "Truemmerfeld"]

1. c4 e6 2. Nf3 b6 3. g3 Bb7 4. Bg2 f5 5. d3 Nf6 6. O-O Be7 7. Nc3 Qc8 8. Rb1 a5 9. a3 Na6 10. Bd2 O-O 11. Nb5 c6 12. Nc3 c5 13. Na4 Qc7 14. Bf4 d6 15. Qb3 Rab8 16. Nc3 Bc6 17. Ng5 Bxg2 18. Kxg2 Qc6+ 19. Kg1 Nc7 20. Nb5 Nfe8 21. Bd2 Bxg5 22. Bxg5 Nxb5 23. Qxb5 Qxb5 24. cxb5 h6 25. Bd2 Nc7 26. a4 e5 27. e3 Ne6 28. f4 Rbe8 29. Bc3 exf4 30. gxf4 Nc7 31. Kf2 Re6 32. Rg1 g6 33. Rg3 Kf7 34. Rbg1 Nd5 35. h4 h5 36. Re1 Rfe8 37. Rf3 Ne7 38. e4 d5 39. Be5 dxe4 40. dxe4 fxe4 41. Rxe4 Rd8 42. Bc7 Rxe4 43. Bxd8 Rxa4 44. Bxb6 Rb4 45. Bxc5 Rxb2+ 46. Ke3 Rxb5 47. Bxe7 Rb3+ 0-1

[Event "Schachfestival Senioren"]
[Site "Bad Woerishofen"]
[Date "2023.03.05"]
[Round "3.13"]
[White "Remensberger, Hansuli"]
[Black "Bachmann, Rolf"]
[Result "1-0"]
[WhiteElo "2103"]
[BlackElo "1870"]
[PlyCount "27"]
[EventDate "2023.??.??"]
[WhiteTeam "Chessflyers"]
[BlackTeam "Hammer Sportclub 2008 e. V."]

1. c4 c5 2. Nf3 Nc6 3. d4 cxd4 4. Nxd4 Qb6 5. Nb3 Nf6 6. Nc3 d6 7. g3 g6 8. Bg2 Bg7 9. O-O O-O 10. h3 Bd7 11. Nd5 Nxd5 12. cxd5 Na5 13. Be3 Qb4 14. Bd2 1-0

[Event "Schachfestival Senioren"]
[Site "Bad Woerishofen"]
[Date "2023.03.05"]
[Round "3.14"]
[White "Matzat, Andre"]
[Black "Wegemund, Hubert"]
[Result "1-0"]
[WhiteElo "2092"]
[BlackElo "1869"]
[PlyCount "65"]
[EventDate "2023.??.??"]
[WhiteTeam "Oberhausener SV 1887 e. V."]
[BlackTeam "SK Norderstedt von 1975"]

1. d4 f5 2. Bg5 d6 3. Nc3 Nd7 4. e4 fxe4 5. Nxe4 Ngf6 6. Bd3 g6 7. h4 Nxe4 8. Bxe4 Nf6 9. Bxf6 exf6 10. Qf3 c6 11. O-O-O Be6 12. d5 cxd5 13. Bxd5 Bxd5 14. Qxd5 Qe7 15. Nf3 O-O-O 16. Rhe1 Qd7 17. Kb1 Be7 18. Nd4 Kb8 19. Qf7 Rhe8 20. Qxh7 f5 21. g3 f4 22. Ne6 Rc8 23. Nxf4 Rxc2 24. Kxc2 Qf5+ 25. Rd3 Rc8+ 26. Kb1 Qc5 27. Rdd1 Qc2+ 28. Ka1 Bf6 29. Nd3 a5 30. Qf7 Bxb2+ 31. Nxb2 a4 32. Qd5 Rc6 33. Qd2 1-0

[Event "Schachfestival Senioren"]
[Site "Bad Woerishofen"]
[Date "2023.03.05"]
[Round "3.15"]
[White "Larem, Ewald"]
[Black "Wulf, Juergen"]
[Result "1/2-1/2"]
[WhiteElo "2070"]
[BlackElo "1841"]
[PlyCount "57"]
[EventDate "2023.??.??"]
[WhiteTeam "SC Rotenburg"]
[BlackTeam "Markdorf"]

1. d4 Nf6 2. c4 e6 3. Nc3 Bb4 4. Qc2 c5 5. Nf3 cxd4 6. Nxd4 Nc6 7. Nxc6 bxc6 8. Bg5 h6 9. Bh4 O-O 10. e3 d5 11. cxd5 cxd5 12. Bd3 a5 13. O-O Ba6 14. Rfd1 Be7 15. Nb5 Ne8 16. Bxe7 Qxe7 17. Nd4 Bxd3 18. Rxd3 Nd6 19. Rc3 Rfc8 20. Nc6 Qe8 21. Rc1 Nc4 22. Ne5 Nd6 23. Nc6 Nc4 24. Nxa5 Rxa5 25. b3 Rca8 26. bxc4 Rxa2 27. Qd3 dxc4 28. Rxc4 Rd8 29. Qb1 1/2-1/2

[Event "Schachfestival Senioren"]
[Site "Bad Woerishofen"]
[Date "2023.03.05"]
[Round "3.16"]
[White "Harsch, Martin"]
[Black "Keller, Harald"]
[Result "1/2-1/2"]
[WhiteElo "1888"]
[BlackElo "2051"]
[PlyCount "78"]
[EventDate "2023.??.??"]
[WhiteTeam "Saanenland"]
[BlackTeam "SV Rottweil"]

1. e4 Nf6 2. e5 Nd5 3. c4 Nb6 4. c5 Nd5 5. Bc4 e6 6. Nc3 Nxc3 7. dxc3 d6 8. cxd6 cxd6 9. Nf3 Qc7 10. Qe2 Nc6 11. Bf4 d5 12. Bd3 Be7 13. h4 h6 14. Rh3 Bd7 15. Rg3 g5 16. Bd2 gxh4 17. Rh3 O-O-O 18. Kf1 Rdg8 19. Bf4 Rg4 20. Qe3 Rhg8 21. g3 Bg5 22. Bxg5 hxg5 23. Rc1 Ra4 24. Nxg5 Qxe5 25. gxh4 Rxa2 26. Qd2 Qg7 27. Rg3 Qh6 28. Nf3 Qh8 29. Rxg8+ Qxg8 30. c4 Qg7 31. cxd5 exd5 32. Qf4 Bh3+ 33. Ke1 Qxb2 34. Ne5 Ra1 35. Bf5+ Bxf5 36. Qxf5+ Kb8 37. Nxc6+ bxc6 38. Rxa1 Qxa1+ 39. Ke2 Qb2+ 1/2-1/2

[Event "Schachfestival Senioren"]
[Site "Bad Woerishofen"]
[Date "2023.03.05"]
[Round "3.17"]
[White "Green, Per"]
[Black "Mueller, Erich"]
[Result "1/2-1/2"]
[WhiteElo "1876"]
[BlackElo "2024"]
[PlyCount "96"]
[EventDate "2023.??.??"]
[WhiteTeam "Argryte SK"]
[BlackTeam "SK 1962 Ladenburg"]

1. c4 d6 2. Nc3 g6 3. g3 Bg7 4. Bg2 Nf6 5. Nf3 O-O 6. O-O e5 7. d4 Nbd7 8. h3 Re8 9. Bg5 h6 10. Be3 c6 11. dxe5 dxe5 12. Qc1 Kh7 13. Rd1 Qe7 14. Qd2 Nc5 15. Qd6 Qxd6 16. Rxd6 Nce4 17. Nxe4 Nxe4 18. Rdd1 Be6 19. Ne1 Nf6 20. b3 e4 21. Rac1 a5 22. Nc2 Rad8 23. Bb6 Rxd1+ 24. Rxd1 a4 25. Nd4 Nd7 26. Nxe6 Nxb6 27. Nc5 axb3 28. axb3 Re7 29. Nxe4 Nd7 30. e3 f5 31. Nd2 Ne5 32. Nf3 Nxf3+ 33. Bxf3 Be5 34. Kg2 Kg7 35. b4 Kf6 36. b5 cxb5 37. cxb5 b6 38. Bc6 Bc3 39. Rd3 Bb4 40. Rd4 Bc5 41. Ra4 Re6 42. Kf3 Rd6 43. Ra2 Rd1 44. h4 g5 45. hxg5+ hxg5 46. g4 fxg4+ 47. Kxg4 Rg1+ 48. Kf3 Rd1 1/2-1/2

[Event "Schachfestival Senioren"]
[Site "Bad Woerishofen"]
[Date "2023.03.05"]
[Round "3.18"]
[White "Wild, Helmut"]
[Black "Heppell, Ian N"]
[Result "1/2-1/2"]
[WhiteElo "1855"]
[BlackElo "1965"]
[PlyCount "42"]
[EventDate "2023.??.??"]
[WhiteTeam "SK Gau-Algesheim"]
[BlackTeam "Wimbledon"]

1. c4 e5 2. Nc3 Nc6 3. g3 f5 4. Nf3 Nf6 5. d4 e4 6. Nh4 d6 7. Bg5 Be7 8. e3 O-O 9. Ng2 Qe8 10. Bxf6 Bxf6 11. Nd5 Bd8 12. b4 Ne7 13. Ngf4 c6 14. Nxe7+ Bxe7 15. h4 Bd7 16. a4 Rc8 17. Qb3 c5 18. dxc5 dxc5 19. h5 Bd8 20. a5 Qe5 21. Ra3 Bf6 1/2-1/2

[Event "Schachfestival Senioren"]
[Site "Bad Woerishofen"]
[Date "2023.03.05"]
[Round "3.19"]
[White "Fiedler, Wolfgang"]
[Black "Zwetz, Anita"]
[Result "1/2-1/2"]
[WhiteElo "1990"]
[BlackElo "1827"]
[PlyCount "61"]
[EventDate "2023.??.??"]
[WhiteTeam "SC Schwarz-Weiss Nuernberg Sued e.V."]
[BlackTeam "TSV Kareth-Lappersdorf"]

1. Nf3 d5 2. g3 Nf6 3. Bg2 c5 4. d3 Nc6 5. O-O e6 6. Nbd2 Be7 7. e4 Qc7 8. Re1 b5 9. e5 Ng4 10. Qe2 h5 11. h3 Nh6 12. Nf1 Nf5 13. c3 d4 14. Bf4 Bb7 15. Rac1 Qb6 16. g4 hxg4 17. hxg4 Nh4 18. Nxh4 Bxh4 19. Nh2 dxc3 20. bxc3 Ne7 21. Bxb7 Qxb7 22. Qf3 Qxf3 23. Nxf3 Nd5 24. Bd2 Be7 25. Kg2 Nb6 26. Rb1 a6 27. Be3 Nd5 28. Bd2 Nb6 29. c4 b4 30. Be3 a5 31. Nd2 1/2-1/2

[Event "Schachfestival Senioren"]
[Site "Bad Woerishofen"]
[Date "2023.03.05"]
[Round "3.20"]
[White "Lechner, Otto"]
[Black "Kierzek, Mira"]
[Result "0-1"]
[WhiteElo "1820"]
[BlackElo "1989"]
[PlyCount "76"]
[EventDate "2023.??.??"]
[WhiteTeam "TSV Wertingen 1862 SAbt"]
[BlackTeam "SC Fulda"]

1. e4 d6 2. d4 Nf6 3. Nc3 g6 4. Be2 Bg7 5. Be3 O-O 6. Qd2 Nbd7 7. Bh6 c5 8. Bxg7 Kxg7 9. O-O-O cxd4 10. Qxd4 Qb6 11. Qxb6 Nxb6 12. f3 Be6 13. Rd4 Rfc8 14. Bd3 Nc4 15. Bxc4 Rxc4 16. Nge2 Rc7 17. Rd2 Rac8 18. g4 Nd7 19. Nd5 Bxd5 20. exd5 Ne5 21. Nd4 Rc5 22. Kb1 Kf8 23. h4 Rxd5 24. c3 Nc4 25. Re2 e5 26. Nb3 a5 27. f4 a4 28. Nc1 exf4 29. Rf2 f3 30. Rh3 Re8 31. b3 axb3 32. axb3 Ne5 33. g5 Rc8 34. Kb2 Rd1 35. Rhxf3 Nxf3 36. Rxf3 Rd2+ 37. Kb1 Re8 38. Nd3 Rh2 0-1

[Event "Schachfestival Senioren"]
[Site "Bad Woerishofen"]
[Date "2023.03.05"]
[Round "3.22"]
[White "Laustsen, Karl-Johan"]
[Black "Rueberg, Jobst"]
[Result "1/2-1/2"]
[WhiteElo "1804"]
[BlackElo "2090"]
[PlyCount "40"]
[EventDate "2023.??.??"]
[WhiteTeam "1.FC Marktleuthen"]
[BlackTeam "SV Ahlen 1954 e. V."]

1. d4 Nf6 2. Bf4 d6 3. e3 Nbd7 4. Nf3 c6 5. b3 g6 6. c4 Bg7 7. Nc3 O-O 8. Be2 a6 9. a4 a5 10. O-O Re8 11. Qc2 Nb8 12. Rfd1 Na6 13. Rac1 Nb4 14. Qd2 Bf5 15. Ne1 Qc8 16. d5 h5 17. f3 Nh7 18. e4 Bd7 19. Nc2 Bf6 20. Ne3 c5 1/2-1/2

[Event "Schachfestival Senioren"]
[Site "Bad Woerishofen"]
[Date "2023.03.05"]
[Round "3.23"]
[White "Rumsey, Victor B"]
[Black "Pfitzer, Norbert"]
[Result "0-1"]
[WhiteElo "1696"]
[BlackElo "2061"]
[PlyCount "56"]
[EventDate "2023.??.??"]
[WhiteTeam "Battersea"]
[BlackTeam "SV Backnang"]

1. d4 Nf6 2. c4 g6 3. Nc3 Bg7 4. e4 d6 5. Nf3 O-O 6. Be2 e5 7. O-O Nc6 8. d5 Ne7 9. Ne1 c6 10. g4 Ne8 11. Nd3 f5 12. gxf5 gxf5 13. f4 fxe4 14. Nxe4 Nf5 15. Bd2 exf4 16. Bxf4 Bd4+ 17. Kh1 Qh4 18. Qe1 Qe7 19. Bf3 Bd7 20. Rb1 Neg7 21. Nxd6 Qf6 22. Ne4 Qg6 23. Ne5 Qe8 24. Nd3 b6 25. b3 Rd8 26. Bg5 Rc8 27. Bf4 Rf7 28. Bh5 Nxh5 0-1

[Event "Schachfestival Senioren"]
[Site "Bad Woerishofen"]
[Date "2023.03.05"]
[Round "3.24"]
[White "Neumann, Joachim"]
[Black "Bjorgvik, Jan Arne"]
[Result "1-0"]
[WhiteElo "2026"]
[BlackElo "1764"]
[PlyCount "27"]
[EventDate "2023.??.??"]
[WhiteTeam "Agon Neumuenster"]
[BlackTeam "NSF"]

1. Nf3 d5 2. d4 Nf6 3. Bf4 e6 4. e3 Bd6 5. Ne5 O-O 6. Nd2 Nfd7 7. Bd3 Bxe5 8. dxe5 c5 9. c3 Nc6 10. Nf3 Qc7 11. Bxh7+ Kxh7 12. Ng5+ Kg6 13. Qc2+ f5 14. exf6+ 1-0

[Event "Schachfestival Senioren"]
[Site "Bad Woerishofen"]
[Date "2023.03.05"]
[Round "3.25"]
[White "Steinberg, Sven"]
[Black "Meul, Willi"]
[Result "0-1"]
[WhiteElo "2011"]
[BlackElo "1722"]
[PlyCount "43"]
[EventDate "2023.??.??"]
[WhiteTeam "TSV Trostberg"]
[BlackTeam "Bruehler SK 1920 e. V."]

1. e4 c5 2. Nc3 d6 3. f4 Nc6 4. Nf3 a6 5. a4 g6 6. Bc4 Bg7 7. d3 e6 8. O-O Nge7 9. Be3 O-O 10. Qe1 Nd4 11. Bxd4 cxd4 12. Ne2 Nc6 13. Ng3 Bd7 14. Qf2 h6 15. f5 gxf5 16. exf5 exf5 17. Nh5 Bh8 18. Qg3+ Kh7 19. Qxd6 Qe7 20. Qxe7 Nxe7 21. Rae1 Nc6 22. Nh4 0-1

[Event "Schachfestival Senioren"]
[Site "Bad Woerishofen"]
[Date "2023.03.05"]
[Round "3.26"]
[White "Hager, Eberhard"]
[Black "Witte, Ronald"]
[Result "1/2-1/2"]
[WhiteElo "1778"]
[BlackElo "2009"]
[PlyCount "52"]
[EventDate "2023.??.??"]
[WhiteTeam "SK Friedberg im Gehoerl. Sportverein"]
[BlackTeam "BSV 63 Chemie Weissensee"]

1. e4 c5 2. Nf3 e6 3. Nc3 a6 4. d4 cxd4 5. Nxd4 Qc7 6. Bd3 Nf6 7. O-O Be7 8. Qe2 d6 9. Be3 Nbd7 10. Nb3 b5 11. a3 Bb7 12. f3 O-O 13. Qf2 d5 14. exd5 Nxd5 15. Nxd5 Bxd5 16. Rac1 Rac8 17. Kh1 Nc5 18. Nxc5 Bxc5 19. Bxc5 Qxc5 20. Qe2 Bc4 21. Bxc4 Qxc4 22. Qxc4 Rxc4 23. Rfd1 Rcc8 24. h3 Rfd8 25. Rxd8+ Rxd8 26. c4 bxc4 1/2-1/2

[Event "Schachfestival Senioren"]
[Site "Bad Woerishofen"]
[Date "2023.03.05"]
[Round "3.27"]
[White "Nordby, Bernt"]
[Black "Aigner, Georg"]
[Result "1-0"]
[WhiteElo "2001"]
[BlackElo "1742"]
[PlyCount "85"]
[EventDate "2023.??.??"]
[WhiteTeam "Fredrikstad Schakselskap"]
[BlackTeam "SC Taufkirchen"]

1. d4 Nf6 2. c4 e6 3. Nc3 c5 4. e3 d5 5. Nf3 Nc6 6. a3 a6 7. b3 Bd7 8. Bb2 cxd4 9. exd4 Bd6 10. Bd3 Rc8 11. O-O O-O 12. Re1 Re8 13. c5 Bf4 14. g3 Bh6 15. Na4 Rc7 16. b4 Ne7 17. Ne5 Bxa4 18. Qxa4 Nc6 19. Qc2 g6 20. Nxc6 Rxc6 21. b5 Rc8 22. bxa6 bxa6 23. Bxa6 Rb8 24. a4 Re7 25. Bb5 Ra7 26. Bc1 Bxc1 27. Raxc1 Qc7 28. Qe2 Nd7 29. Qf3 Rc8 30. h4 h5 31. Kg2 Nb8 32. g4 hxg4 33. Qxg4 Nd7 34. Bxd7 Qxd7 35. h5 Rxa4 36. hxg6 f5 37. Qd1 Ra6 38. Qh5 Qg7 39. Re5 Rf8 40. Rb1 Rf6 41. Rb8+ Rf8 42. Qh7+ Qxh7 43. gxh7+ 1-0

[Event "Schachfestival Senioren"]
[Site "Bad Woerishofen"]
[Date "2023.03.05"]
[Round "3.28"]
[White "Wenske, Hardy"]
[Black "Stern, Geoffrey"]
[Result "1/2-1/2"]
[WhiteElo "1761"]
[BlackElo "1980"]
[PlyCount "37"]
[EventDate "2023.??.??"]
[WhiteTeam "Kieler Schachgesellschaft"]
[BlackTeam "Gambit Bonnevoie"]

1. Nf3 d5 2. d4 e6 3. e3 Nf6 4. Bd3 c5 5. b3 Bd6 6. Nbd2 O-O 7. Bb2 Nc6 8. a3 Qe7 9. Ne5 cxd4 10. exd4 Nd7 11. Qe2 Bxe5 12. dxe5 Nc5 13. O-O Bd7 14. Rfe1 Rac8 15. Nf3 Rfd8 16. Rac1 Be8 17. Qe3 Nxd3 18. Qxd3 a6 19. h3 1/2-1/2

[Event "Schachfestival Senioren"]
[Site "Bad Woerishofen"]
[Date "2023.03.05"]
[Round "3.29"]
[White "Schinnerl, Werner"]
[Black "Schestak, Herbert"]
[Result "1/2-1/2"]
[WhiteElo "1944"]
[BlackElo "1729"]
[PlyCount "52"]
[EventDate "2023.??.??"]
[WhiteTeam "SC Reutte"]

1. e4 c6 2. d4 d5 3. e5 Bf5 4. h4 h5 5. Bg5 Qc7 6. Bd3 Bxd3 7. Qxd3 e6 8. Ne2 c5 9. O-O Nc6 10. Nbc3 a6 11. Bf4 cxd4 12. Nxd4 Nxd4 13. Qxd4 Ne7 14. Bg3 Rc8 15. Rac1 b5 16. a3 Nf5 17. Qd3 Qc4 18. Ne2 Be7 19. b3 Qc7 20. a4 Qb6 21. axb5 axb5 22. c4 bxc4 23. bxc4 dxc4 24. Rxc4 O-O 25. Rfc1 Rxc4 26. Qxc4 Rd8 1/2-1/2

[Event "Schachfestival Senioren"]
[Site "Bad Woerishofen"]
[Date "2023.03.05"]
[Round "3.30"]
[White "Kirchner, Ulrich"]
[Black "Braeu, Wolfgang"]
[Result "0-1"]
[WhiteElo "1750"]
[BlackElo "1921"]
[PlyCount "132"]
[EventDate "2023.??.??"]
[WhiteTeam "SF Blaustein"]
[BlackTeam "ASV Martinszell Abteilung Schach"]

1. d4 g6 2. Nf3 Bg7 3. Bf4 c5 4. e3 Qb6 5. b3 Nc6 6. c3 d6 7. Nbd2 Qa5 8. Qc2 cxd4 9. b4 Qd8 10. exd4 Nf6 11. Bc4 d5 12. Bd3 Nh5 13. Be3 O-O 14. O-O Bg4 15. h3 Bxf3 16. Nxf3 Rc8 17. Qb3 e6 18. Rac1 Qe7 19. a3 Rfd8 20. Bg5 Bf6 21. Bxf6 Qxf6 22. Rfe1 Nf4 23. Qd1 Nxd3 24. Qxd3 Qf4 25. Qe3 Qxe3 26. fxe3 b5 27. e4 Ne7 28. e5 a5 29. Nd2 a4 30. g4 h6 31. Kg2 Kg7 32. Kg3 Rc7 33. Rf1 Rdc8 34. Rf3 g5 35. Nb1 Ng6 36. Rcf1 Nf4 37. R1f2 Rh8 38. h4 f6 39. exf6+ Kxf6 40. Re3 Ke7 41. Nd2 Rhc8 42. hxg5 hxg5 43. Nb1 Rh8 44. Rh2 Rcc8 45. Re5 Rxh2 46. Kxh2 Kf6 47. Re3 Rh8+ 48. Kg3 Rh3+ 49. Kf2 Rh2+ 50. Kf3 Rb2 51. Re1 Rc2 52. Rd1 e5 53. dxe5+ Kxe5 54. Re1+ Kd6 55. Rd1 Kc6 56. Ke3 Re2+ 57. Kf3 Rh2 58. Ke3 Rh3+ 59. Kf2 Nd3+ 60. Kg2 Re3 61. Rh1 Ne5 62. Rh6+ Kc7 63. Rh5 Nxg4 64. Rxg5 Nf6 65. Kf2 Rh3 66. Rg3 Ne4+ 0-1

[Event "Schachfestival Senioren"]
[Site "Bad Woerishofen"]
[Date "2023.03.05"]
[Round "3.31"]
[White "Haugg, Gerhard"]
[Black "Kainz, Josef"]
[Result "1-0"]
[WhiteElo "1744"]
[BlackElo "1913"]
[PlyCount "91"]
[EventDate "2023.??.??"]
[BlackTeam "Frauental"]

1. e4 c5 2. Nc3 Nc6 3. Bc4 e6 4. Nf3 d6 5. a3 Nf6 6. d3 Be7 7. O-O a6 8. h3 b5 9. Ba2 O-O 10. Bg5 h6 11. Bh4 Ra7 12. Re1 b4 13. Nb1 e5 14. axb4 Nxb4 15. Bb3 Be6 16. Bxe6 fxe6 17. c3 Nc6 18. Qa4 Rc7 19. Nbd2 Nh5 20. Bxe7 Qxe7 21. g3 a5 22. Kg2 Qf6 23. Re3 Kh7 24. Rf1 g5 25. Qd1 Qg6 26. Nh2 Nf4+ 27. Kh1 Nxh3 28. Rf3 Rff7 29. Rxf7+ Rxf7 30. Kg2 g4 31. Qxg4 Qg5 32. f4 Nxf4+ 33. gxf4 Qxg4+ 34. Nxg4 h5 35. Nh2 exf4 36. Kf2 e5 37. Nc4 Rd7 38. Nf3 Kh6 39. Ra1 d5 40. Ncxe5 Nxe5 41. Nxe5 Rb7 42. exd5 Rxb2+ 43. Kf3 Kg5 44. d6 Kf6 45. d7 Ke7 46. Rxa5 1-0

[Event "Schachfestival Senioren"]
[Site "Bad Woerishofen"]
[Date "2023.03.05"]
[Round "3.32"]
[White "Schwis, Joachim"]
[Black "Leser, Alfred"]
[Result "1-0"]
[WhiteElo "1912"]
[BlackElo "1689"]
[PlyCount "85"]
[EventDate "2023.??.??"]
[WhiteTeam "SK Koeln-Suedwest"]
[BlackTeam "Schachfreunde Mengen"]

1. c4 c5 2. Nc3 Nc6 3. g3 Nf6 4. Bg2 g6 5. d3 Bg7 6. Bd2 d6 7. a3 a5 8. Rb1 O-O 9. Nf3 Bg4 10. h3 Bd7 11. O-O Ne8 12. Ne1 Nc7 13. Kh2 Qc8 14. Nd5 Nxd5 15. cxd5 Nd4 16. e3 Nb5 17. a4 Nc7 18. Bc3 e6 19. Bxg7 Kxg7 20. dxe6 fxe6 21. d4 Na6 22. f4 Rb8 23. Rc1 Qe8 24. b3 b5 25. dxc5 d5 26. Qd4+ Kg8 27. e4 bxa4 28. exd5 exd5 29. Bxd5+ Be6 30. bxa4 Rf5 31. Bxe6+ Qxe6 32. Ng2 Rb4 33. Qd8+ Kg7 34. Rfe1 Qd5 35. Re7+ Kh6 36. Qxd5 Rxd5 37. g4 g5 38. Re6+ Kg7 39. Rxa6 gxf4 40. c6 Rb2 41. Kg1 f3 42. Nf4 Rdd2 43. c7 1-0

[Event "Schachfestival Senioren"]
[Site "Bad Woerishofen"]
[Date "2023.03.05"]
[Round "3.33"]
[White "Wagner, Werner"]
[Black "Goris, Ton"]
[Result "1-0"]
[WhiteElo "1740"]
[BlackElo "1905"]
[PlyCount "69"]
[EventDate "2023.??.??"]
[WhiteTeam "SC GEMA St.Ingbert"]

1. d4 e6 2. Bf4 d5 3. Nf3 Nf6 4. e3 Bd6 5. Ne5 Bxe5 6. dxe5 Nfd7 7. Nd2 c5 8. h4 Nc6 9. Qg4 Rg8 10. Bb5 Qe7 11. Rh3 f6 12. Nf3 fxe5 13. Nxe5 Ndxe5 14. Bxe5 Bd7 15. Bxc6 Bxc6 16. Bf4 Bd7 17. Qh5+ g6 18. Qe5 Qg7 19. Qxg7 Rxg7 20. Rg3 Rf7 21. Bd6 Rc8 22. f4 Rc6 23. Be5 b5 24. Kd2 Bc8 25. Rh1 Rb6 26. h5 gxh5 27. Rxh5 Ba6 28. Rg8+ Kd7 29. Rh8 Kc6 30. R5xh7 Rxh7 31. Rxh7 Rb7 32. Rh6 Re7 33. g4 Bc8 34. f5 Kd7 35. f6 1-0

[Event "Schachfestival Senioren"]
[Site "Bad Woerishofen"]
[Date "2023.03.05"]
[Round "3.34"]
[White "Wuest, Michael"]
[Black "Mitschka, Manfred"]
[Result "0-1"]
[WhiteElo "1881"]
[BlackElo "1686"]
[PlyCount "172"]
[EventDate "2023.??.??"]
[WhiteTeam "PTSV SK Hof 1892"]
[BlackTeam "SK Neuburg"]

1. e4 e6 2. d4 d5 3. Nc3 Nf6 4. Bg5 dxe4 5. Nxe4 Be7 6. Bxf6 gxf6 7. Nf3 a6 8. Qd2 f5 9. Nc3 b5 10. O-O-O Bb7 11. Kb1 Nd7 12. d5 e5 13. Be2 h5 14. h4 Bc5 15. Ng5 Qf6 16. a4 Qb6 17. f3 Bb4 18. Qd3 Bxc3 19. Qxc3 bxa4 20. Bc4 f6 21. Ne6 Rb8 22. Ng7+ Kd8 23. Nxf5 Bc8 24. d6 c6 25. Ne7 Nc5 26. Qa3 Rh7 27. Rhe1 Rg7 28. Re2 Rg3 29. Red2 Bd7 30. Bf7 Rg7 31. Bxh5 Rh7 32. g4 Ne6 33. Bg6 Rxh4 34. Bf5 Nd4 35. Bxd7 Kxd7 36. Rd3 Rh3 37. Nf5 Ne6 38. c3 Nf4 39. R3d2 a5 40. c4 Qb4 41. Qxb4 axb4 42. Rf2 b3 43. Kc1 Rb4 44. Ne3 Ne6 45. Rff1 Rb8 46. Nf5 Rh2 47. Rh1 Rbh8 48. Rxh2 Rxh2 49. Kb1 Ng5 50. Ne3 Nxf3 51. c5 Rh4 52. Nc4 Rxg4 53. Nb6+ Kd8 54. Rh1 Rg8 55. Nxa4 e4 56. Kc1 Rg1+ 57. Rxg1 Nxg1 58. Kd2 f5 59. Ke3 Nf3 60. Nc3 Kd7 61. Ne2 Ne5 62. Nc1 Nc4+ 63. Ke2 Na5 64. Ke3 Ke6 65. Kd4 Kf6 66. Ne2 Nb7 67. Nf4 Nd8 68. Ne2 Ne6+ 69. Kc4 f4 70. Kxb3 Nxc5+ 71. Kc3 f3 72. Ng3 Ke5 73. Nf1 Nd7 74. b4 Nb6 75. Ne3 Nd7 76. Kc4 Kxd6 77. Kd4 Nf6 78. Nf5+ Ke6 79. Ne3 f2 80. Nf1 Kd6 81. Ne3 Ng4 82. Nf1 e3 83. Kd3 Kd5 84. Ke2 Kd4 85. Kf3 Kd3 86. Ng3 Nh2+ 0-1

[Event "Schachfestival Senioren"]
[Site "Bad Woerishofen"]
[Date "2023.03.05"]
[Round "3.35"]
[White "Rothenhagen, Siegfried"]
[Black "Stern, Robert"]
[Result "1/2-1/2"]
[WhiteElo "1712"]
[BlackElo "1877"]
[PlyCount "75"]
[EventDate "2023.??.??"]
[WhiteTeam "Sportfr.Windach e.V.1923"]
[BlackTeam "Pimlico"]

1. d4 d5 2. Bf4 Nf6 3. e3 c5 4. c3 Nc6 5. Bd3 Qb6 6. Qb3 c4 7. Qxb6 axb6 8. Bc2 b5 9. a3 b4 10. Nf3 b3 11. Bd1 Bf5 12. Nbd2 h6 13. O-O e6 14. h3 Be7 15. Re1 O-O 16. Ne5 Nxe5 17. Bxe5 Ne4 18. Nxe4 Bxe4 19. f3 Bd3 20. Be2 Bh7 21. e4 Rfe8 22. Bg3 Ra6 23. exd5 exd5 24. f4 Bd6 25. Bf3 Be4 26. Bxe4 Rxe4 27. Rxe4 dxe4 28. Kf2 f5 29. Ke3 Kf7 30. Bh4 Ke6 31. g4 g6 32. g5 hxg5 33. Bxg5 Ra8 34. Rg1 Kf7 35. h4 b5 36. Rh1 Rh8 37. Rh2 Ke6 38. Rd2 1/2-1/2

[Event "Schachfestival Senioren"]
[Site "Bad Woerishofen"]
[Date "2023.03.05"]
[Round "3.36"]
[White "Titz, Waldemar"]
[Black "McAndrew, Robert"]
[Result "0-1"]
[WhiteElo "1710"]
[BlackElo "1874"]
[PlyCount "88"]
[EventDate "2023.??.??"]
[WhiteTeam "SV Rottweil"]
[BlackTeam "Gambit Bonnevoie"]

1. e4 c6 2. d4 d5 3. f3 g6 4. Nc3 Bg7 5. Be3 b6 6. Nge2 Ba6 7. Qd2 e6 8. g3 Nd7 9. Bg2 Rc8 10. O-O h5 11. h4 Ndf6 12. Bg5 Bh6 13. Rfe1 Bxg5 14. Qxg5 Nd7 15. Qe3 Kf8 16. Qf4 Qf6 17. Qd6+ Qe7 18. Qxe7+ Nxe7 19. Bh3 Kg7 20. Rac1 Rcd8 21. Nf4 e5 22. Nfe2 Bxe2 23. Nxe2 dxe4 24. fxe4 exd4 25. Nxd4 Ne5 26. c3 c5 27. Nb3 Nf3+ 28. Kf2 Nxe1 29. Rxe1 Nc6 30. e5 Rhe8 31. e6 f5 32. Bg2 Rd6 33. Bxc6 Rxc6 34. Nd2 Rcxe6 35. Rxe6 Rxe6 36. Nf3 b5 37. Ng5 Ra6 38. a3 b4 39. axb4 cxb4 40. Kf3 bxc3 41. bxc3 Rc6 42. c4 a5 43. c5 a4 44. Ke3 a3 0-1

[Event "Schachfestival Senioren"]
[Site "Bad Woerishofen"]
[Date "2023.03.05"]
[Round "3.37"]
[White "Auterhoff, Juergen"]
[Black "Ganslmayer, Anton"]
[Result "1/2-1/2"]
[WhiteElo "1706"]
[BlackElo "1856"]
[PlyCount "83"]
[EventDate "2023.??.??"]
[WhiteTeam "Schachfreunde Muenchen"]
[BlackTeam "SV Jedesheim"]

1. e4 e6 2. d4 d5 3. Nd2 dxe4 4. Nxe4 Bd7 5. Nf3 Bc6 6. Bd3 Nd7 7. O-O Ngf6 8. Ng3 Be7 9. Re1 O-O 10. Ne5 Nxe5 11. dxe5 Qd5 12. Bf1 Qxd1 13. Rxd1 Ng4 14. Re1 Bc5 15. Nh1 f6 16. Bc4 Bd5 17. Bxd5 exd5 18. e6 Bd6 19. h3 Ne5 20. f4 Nc6 21. c3 f5 22. Bd2 Rae8 23. Re2 Rf6 24. Rae1 Nd8 25. Ng3 g6 26. e7 Nc6 27. Kf1 Rf7 28. Re6 Rfxe7 29. Rxe7 Rxe7 30. Rxe7 Nxe7 31. Ke2 Kf7 32. Kd3 c5 33. Ne2 Ng8 34. b3 Nf6 35. a4 b6 36. Be3 Ke6 37. Bd2 a6 38. Be3 Ne4 39. Kc2 h6 40. Kd3 Be7 41. g3 Bd6 42. h4 1/2-1/2

[Event "Schachfestival Senioren"]
[Site "Bad Woerishofen"]
[Date "2023.03.05"]
[Round "3.38"]
[White "Flockerzi, Armin"]
[Black "Vonach, Bernhard"]
[Result "1/2-1/2"]
[WhiteElo "1669"]
[BlackElo "1829"]
[PlyCount "60"]
[EventDate "2023.??.??"]
[WhiteTeam "VfR-SC Koblenz"]
[BlackTeam "Sportfr.Windach e.V.1923"]

1. d4 c5 2. Nf3 cxd4 3. Nxd4 Nc6 4. Nxc6 bxc6 5. g3 Nf6 6. Nc3 g6 7. Bg2 Bb7 8. O-O Bg7 9. Rb1 O-O 10. a3 Qc7 11. e4 d6 12. Re1 e5 13. Na2 d5 14. exd5 cxd5 15. c3 Rad8 16. Qe2 Rfe8 17. Nb4 a5 18. Nc2 d4 19. cxd4 exd4 20. Qd1 Rxe1+ 21. Nxe1 Bxg2 22. Kxg2 d3 23. Bd2 Ne4 24. f3 Nxd2 25. Qxd2 Bh6 26. f4 Qc6+ 27. Kh3 Rd5 28. Nf3 Qe6+ 29. Kg2 Qf5 30. Rc1 Bg7 1/2-1/2